00919nam a2200193 a 450000100100000000500170001000800410002704000250006808200150009310000420010824500680015026000460021830000200026450000640028495201280034895201130047695201190058999900170070800002665820200930030334.0110324s2000 dr 000 p spa d aDO-SdBNPbspacBNPHU axxxbB862a1 aBrito Irizarry, Esckie,d1962-95378410aAmada versatil :bdemocracia for ever /cEsckie Brito Irizarry. aSanto Domingo :bImpresora Carlos,c2000. a62 p. ;c21 cm. aIncluye datos biográficos del autor en la contracubierta. 001054708DSaGRbGRcCTd2013-04-16iLF1l0oxxx B862ap26658-30r2020-06-25te. 3w2020-06-25yLFDSZPréstamo en sala 0010718PDaPDbPDcHDd2011-03-24iLF1l0oxxx B862ap26658-10r2020-06-25w2020-06-25yLFPDZNo se presta 0010718PDaPDbPDcCTd2011-04-13iLF1l0oxxx B862ap26658-20r2020-06-25te. 2w2020-06-25yLFPDZNo se presta c26150d26150